Minecraft - Guess the Baby Mobs by Picture - Statistics

General Stats
  • This quiz has been taken 31 times
  • The average score is 34 of 49
Answer Stats
Picture Answer % Correct
Temperate Pig
100%
Axolotl
76%
Bee
76%
Camel
76%
Fox
76%
Goat
76%
Llama
76%
Panda
76%
Piglin
76%
Sheep
76%
Squid
76%
Temperate Calf
76%
Villager
76%
Zombie Villager
76%
Armadillo
72%
Dolphin
72%
Donkey
72%
Foal
72%
Ghastling
72%
Glow Squid
72%
Hoglin
72%
Kitten
72%
Mooshroom
72%
Ocelot
72%
Polar Bear
72%
Puppy
72%
Rabbit
72%
Snifflet
72%
Temperate Chick
72%
Turtle
72%
Zombie
72%
Gurgle
68%
Husk
68%
Strider
68%
Tadpole
68%
Zoglin
68%
Zombie Foal
68%
Cold Pig
64%
Mule
64%
Nautilus
64%
Skeleton Foal
64%
Zombified Piglin
64%
Cold Chick
60%
Trader Llama
60%
Warm Chick
60%
Warm Pig
60%
Cold Calf
56%
Warm Calf
56%
Killer Bunny
52%
No matching quizzes found
Score Distribution
Percent of People with Each Score
Percentile by Number Answered
Your Score History
You have not taken this quiz